All Liverpool Players to Score 10+ in a single PL Season - Statistics

General Stats
  • This quiz has been taken 990 times
    201 since last reset
  • The average score is 12 of 20
Answer Stats
Goals Answer % Correct
32 Mohamed Salah
100%
22 Sadio Mané
96%
31 Luis Suárez
93%
Roberto Firmino
92%
16 Steven Gerrard
90%
19 Michael Owen
82%
24 Fernando Torres
73%
28 Robbie Fowler
73%
12 Luis Díaz
64%
21 Daniel Sturridge
63%
15 Diogo Jota
62%
Philippe Coutinho
62%
Darwin Núñez
61%
Ian Rush
55%
13 Dirk Kuyt
54%
14 Emile Heskey
34%
Steve McManaman
27%
Stan Collymore
19%
10 Maxi Rodríguez
11%
11 Mark Walters
5%
No matching quizzes found
Score Distribution
Percent of People with Each Score
Percentile by Number Answered
Your Score History
You have not taken this quiz since the last reset